000
00330nam a2200145Ia 4500
008
210210b1884 xxu||||| |||| 00| 0 eng d
041
_a
eng
082
_a
825/1052
100
_a
BACON
245
_a
Church
260
_a
London
_b
Macmillan & Co. Ltd.
_c
1884
650
_a
Church
690
_a
English Criticism
906
_a
015368
999
_c
134728
_d
134728